00697nam a2200241 a 4500001001300000003000900013005001700022008004100039020001000080082001800090100002100108245006500129260002600194300000900220500003500229505001700264650002500281700002100306902000800327942000700335952009800342999001500440nice12345678IN_TiNIC20260116012012.0050524s1832 cala grp 000 0 eng  ac10000a954.0253bSTE aStewart, Charles aTazkereh-Al-Vakiat Or Private Memoirs of the Emperor Humayun aCalcuttabN.Royc1832 a186p aincludes index and biblioraphy2 aBibliography aMughal India-Humayun1 aStewart, Charles bSRS cBK 00104070aHMIbHMId2007-04-04g100.00l0o954.0253 STEp08823r2007-04-04w2026-01-16yEB c5236d5236